Statistics for 10 Largest Ethnic Groups in Germany

Click here to take the quiz!

General Stats

  • This quiz has been taken 83 times
  • The average score is 7 of 10

Answer Stats

HintAnswer% Correct
3Polish
96%
2Turkish
93%
1German
92%
4Russian
91%
5Italian
83%
7Arab
69%
9Greek
69%
8Romanian
63%
6African-German
1%
10Others
1%

Score Distribution

Percentile by Number Answered

Percent of People with Each Score

Your Score History

You have not taken this quiz